000
00300nam a2200133Ia 4500
008
150201s2012 xx 000 0 und d
082
_a
610.73
_b
F12T
100
_a
TNAI
245
_a
FUNDAMENTAL OF NURSING
260
_b
TNAI
_a
INDIA
_c
2012
300
_a
700
650
_a
NURSING
942
_2
ddc
_c
BK
_0
3
999
_c
2205
_d
2205